01123nac a22002651u 4500010001300000020001500013020002200028082002200050090001500072100003400087245008800121260005800209300002700267440005500294504005100349650005700400650006600457650005100523650004500574650005100619700002300670942002400693999001500717952012500732 a82019643 a0873957326 a0873957334 (pbk.)00a364.1680973bF543 c1682d1682 aFisse, Brent. 14aThe impact of publicity on corporate offenders /cBrent Fisse and John Braithwaite. aAlbany :bState University of New York Press,cc1983. aviii, 393 p. ;c24 cm. 0aSUNY series on critical issues in criminal justice aIncludes bibliographical references and index. 0aCriminal investigationzUnited StatesxCase studies. 0aCorporationsxCorrupt practiceszUnited StatesxCase studies. 0aCorporationsxCorrupt practicesxCase studies. 0aPublicityxSocial aspectsxCase studies. 0aCrime preventionzUnited StatesxCase studies.1 aBraithwaite, John. cBBk364.1680973F543 c1682d1682 00104070aMAINbMAINc1STd2006-12-04ePurchasel1m2o364.1680973 FISp000002659r2025-07-15 00:00:00s2014-11-08yBB